000 00718nam a2200217 4500
003 OSt
005 20240702005243.0
006 a
008 240702b |||||||| |||| 00| 0 eng d
020 _a0767400305
040 _aDWCL-Main lib.
_cOC
082 _aCirc. 004.678 K182w 1999
100 _aKaye, Barbara K.
245 _aThe world wide web: a mass communication perspective /
260 _aCalifornia :
_bMayfield Publishing Company,
_cc1999.
300 _axviii,
_b404 p. ;
_c23 cm.
504 _aIncludes glossary and index.
650 _a1. World Wide Web (Information Retrieval System).
650 _a2. World Wide Web (Information Retrieval System)-Social Aspects.
942 _2ddc
_n0
_cBK-CIRC
_kCirc.
999 _c1743
_d1743